Central Library OPAC University of Rajshahi

কর্তৃত্ব, দায়িত্ব ও শিক্ষা / (Record no. 40468)

MARC details
000 -LEADER
fixed length control field 01022nam a2200241 a 4500
001 - CONTROL NUMBER
control field 40468
003 - CONTROL NUMBER IDENTIFIER
rucl marc code BD-RjUL
005 - DATE AND TIME OF LATEST TRANSACTION
control field 20211209053224.0
008 - FIXED-LENGTH DATA ELEMENTS--GENERAL INFORMATION
fixed length control field 160502s1989 bg ||||| |||| 00| 0 ben d
020 ## - INTERNATIONAL STANDARD BOOK NUMBER
Terms of availability : Tk. 30.00
035 ## - SYSTEM CONTROL NUMBER
System control number (BD-RjUL) 40583
040 ## - CATALOGING SOURCE
Original cataloging agency BD-RjUL
Language of cataloging ben
Transcribing agency BD-RjUL
041 ## - LANGUAGE CODE
Language code of text/sound track or separate title ben
082 ## - DEWEY DECIMAL CLASSIFICATION NUMBER
Edition number 23
Classification number 370.1
Author mark and year PEK 1989
100 ## - MAIN ENTRY--PERSONAL NAME
Personal name পিটার্স, আর. এস.
9 (RLIN) 124649
245 10 - TITLE STATEMENT
Title কর্তৃত্ব, দায়িত্ব ও শিক্ষা /
Statement of responsibility, etc. আর. এস. পিটার্স ; অনুবাদক: মোহাম্মদ সাখাওয়াত হোসেন
260 ## - PUBLICATION, DISTRIBUTION, ETC. (IMPRINT)
Place of publication, distribution, etc. ঢাকা :
Name of publisher, distributor, etc. বাংলা একাডেমী,
Date of publication, distribution, etc. ১৯৮৯
300 ## - PHYSICAL DESCRIPTION
Pagination [১৪], ১১৮ পৃ. ;
Size ২১ সেমি.
650 ## - SUBJECT ADDED ENTRY--TOPICAL TERM
Topical term or geographic name as entry element শিক্ষা
General subdivision দর্শন
9 (RLIN) 124645
Topical term or geographic name as entry element Education
General subdivision Philosophy
9 (RLIN) 117134
700 ## - ADDED ENTRY--PERSONAL NAME
Personal name হোসেন, মোহাম্মদ সাখাওয়াত অনুবাদক
942 ## - ADDED ENTRY ELEMENTS (KOHA)
Source of classification or shelving scheme Dewey Decimal Classification
Koha item type Books
Holdings
Lost status Source of classification or shelving scheme Damaged status Not for loan Collection code Permanent Location Current Location Shelving location Date acquired Source of acquisition Cost, normal purchase price Total Checkouts Full call number Date last seen Copy number Koha item type
  Dewey Decimal Classification     Non-fiction Central Library, University of Rajshahi Central Library, University of Rajshahi   27/06/1990 Bangla Academy , Dhaka 30.00   B 370.1 PEK 1989 02/05/2016 C-2 Books